Systém identifikácie obsadenosti vozidla pasažiermi

Enregistré dans:
Détails bibliographiques
Auteur principal: Cáder, Matej (Auteur)
Autres auteurs: Čičák, Pavel (Directeur de thèse)
Format: Manuscrit Livre
Langue:slovaque
Publié: 2021
Sujets:
Accès en ligne:http://is.stuba.sk/zp/portal_zp.pl?podrobnosti=157369
Tags: Ajouter un tag
Pas de tags, Soyez le premier à ajouter un tag!

MARC

LEADER 00000ntm a22000003a 4500
001 stuzp85717
003 SK-STU
005 20210619212139.0
007 ta
008 150427s2015----xo-----f-mn---000-0-slo-d
040 |a STU  |b slo 
041 0 |a slo 
100 1 |a Cáder, Matej  |u 070400  |4 aut  |U FIIT Fakulta informatiky a informačných technológií  |T FIIT Ústav počítačového inžinierstva a aplikovanej informatiky  |X 79492  |U I400  |Y 672  |7 79492 
242 0 1 |a Passenger occupancy identification system  |y eng 
245 1 0 |a Systém identifikácie obsadenosti vozidla pasažiermi 
260 |c 2021 
650 4 |a identifikácia obsadenosti sedadla pasažierom  |2 slo 
650 4 |a Android  |2 slo 
650 4 |a Android aplikácia  |2 slo 
650 4 |a ML Kit  |2 slo 
650 4 |a foreground service  |2 slo 
650 4 |a seat occupancy identification  |2 eng 
650 4 |a foreground service  |2 eng 
650 4 |a Android application  |2 eng 
650 4 |a ML Kit  |2 eng 
650 4 |a Kotlin  |2 eng 
700 1 |a Čičák, Pavel  |u 070400  |k Z1  |4 ths  |U FIIT Fakulta informatiky a informačných technológií  |T FIIT Ústav počítačového inžinierstva a aplikovanej informatiky  |X 1926  |U I400  |Y 672  |7 1926 
856 4 |u http://is.stuba.sk/zp/portal_zp.pl?podrobnosti=157369